Logo BPK

Biblioteka

Politechniki Koszalińskiej

Zastosowanie kompozycji z żywic epoksydowych do wzmacniania i naprawy konstrukcji betonowych / (Rekord nr 15811)

Szczegóły MARC
000 -ETYKIETA REKORDU
podpole kontrolne o stałej długości 00439nam a2200145 i 4500
001 - NUMER KONTROLNY REKORDU
pole kontrolne bg
040 ## - ŹRÓDŁO KATALOGOWANIA
Instytucja, która utworzyła rekord BPK
041 ## - KOD JĘZYKA
Kod języka tekstu pol
008 - POLE O STAŁEJ DŁUGOŚCI - DANE KONTROLNE
podpole kontrolne o stałej długości s pl f |000 0 pol
245 #0 - TYTUŁ/ODPOWIEDZIALNOŚĆ
Tytuł Zastosowanie kompozycji z żywic epoksydowych do wzmacniania i naprawy konstrukcji betonowych /
Pozostałe elementy strefy tytułu i oznaczenia odpowiedzialności aut. Andrzej Sołdrowski, Michał Szwarc.
260 ## - STREFA ADRESU WYDAWNICZEGO
Miejsce wydania Katowice,
Data publikacji, dystrybucji/powstania dokumentu 1972.
700 1# - HASŁO DODATKOWE - NAZWA OSOBOWA
Nazwa osobowa Sołdrowski, Andrzej
700 1# - HASŁO DODATKOWE - NAZWA OSOBOWA
Nazwa osobowa Szwarc, Michał
856 ## - LOKALIZACJA I DOSTĘP DO ELEKTRONICZNYCH DOKUMENTÓW ZDALNYCH
Link (URL) http://koha.tu.koszalin.pl/cgi-bin/koha/opac-detail.pl?biblionumber=15811
Tekst linku Katalog online BPK
942 ## - DODATKOWE ELEMENTY (KOHA)
Typ dokumentu Książka
Egzemplarze
Wycofany Status egzemplarza Uszkodzony Dostępność Lokalizacja stała Lokalizacja bieżąca Miejsce przechowywania Sygnatura Kod kreskowy Typ dokumentu Ostatnio wypożyczono
      Dostępny Biblioteka Politechniki Koszalińskiej Biblioteka Politechniki Koszalińskiej Wypożyczalnia BG 19171 01533378 Książka  
      Dostępny Biblioteka Politechniki Koszalińskiej Biblioteka Politechniki Koszalińskiej Wypożyczalnia BG 19172 01703252 Książka  
      Dostępny Biblioteka Politechniki Koszalińskiej Biblioteka Politechniki Koszalińskiej Wypożyczalnia BG 19173 01703269 Książka 18.03.2016
© 2023 Biblioteka Politechniki Koszalińskiej :: KOHA